000 01252nam a2200289 a 4500
001 000011333
005 20250502073819.0
008 091016s2006 dr d 000 0 spa d
040 _aDO-SdBNP
_bspa
_cBNPHU
082 _a342.729304
_bA485d, 2006
100 1 _aAmaro Guzmán, Raymundo
_9656
245 1 0 _aDerecho y práctica de la función pública /
_cRaymundo Amaro Guzmán ; presentación Ramón Ventura Camejo.
250 _a5a ed.
260 _aSanto Domingo :
_bPublicaciones ONAP,
_c2006.
300 _axii, 610 p. :
_bdiagr. ;
_c22 cm.
500 _aIncluye índice alfabético de nombres e índice temático
504 _aIncluye referencias bibliográficas y notas al pie de las páginas
590 _aInventariado, 2018/ YL
650 4 _aDerecho administrativo
_zRepública Dominicana
_91203
651 4 _aRepública Dominicana
_zAdministración Pública
_917763
650 4 _aFunción pública
_zRepública Dominicana
_917764
650 4 _aCarrera administrativa
_915768
650 4 _aFuncionarios públicos
_xSueldos, asignaciones, etc.
_926936
700 1 _aVentura Camejo, Ramón
_926937
710 1 _aRepública Dominicana.
_bOficina Nacional de Administración y Personal
_926398
910 _aValidado. Control de calidad MMOLINA
999 _c11040
_d11040